Visualizzazione normale
Vista MARC
- FIABA MUSICALE
di Topical Term
Records bibliografici associati: 1
001 - CONTROL NUMBER
- control field: 47058
003 - CONTROL NUMBER IDENTIFIER
- control field: IT-RoPau
005 - DATE AND TIME OF LATEST TRANSACTION
- control field: 20151130222439.0
008 - FIXED-LENGTH DATA ELEMENTS
- fixed length control field: 151130|| aca||aabn | a|a d
040 ## - CATALOGING SOURCE
- Original cataloging agency: IT-RoPau
- Transcribing agency: IT-RoPau
150 ## - HEADING--TOPICAL TERM
- Topical term or geographic name entry element: FIABA MUSICALE
- : TV-TEATRO/DANZA [VHS]
- General subdivision: Codice MATERIA SPICS: 9961
670 ## - SOURCE DATA FOUND
- Source citation: Work cat.: (IT-RoPau)106471: Prokofiev Sergiej Codice regista SPICS: 11086 47056, PIERINO E IL LUPO PIERINO E IL LUPO (Rif. Codice opera principale : C6629)